Statystyki dla Gminy Powiatu Poznańskiego

Kliknij tutaj aby rozwiązać quiz!

Ogólne statystyki

  • Ten quiz został rozwiązany 146 razy
  • Średni wynik to 10 z 17

Statystyki odpowiedzi

HintOdpowiedź% Poprawnych
miejskaLuboń
81%
miejsko-wiejskaSwarzędz
81%
miejsko-wiejskaKórnik
71%
wiejskaSuchy Las
67%
wiejskaTarnowo Podgórne
67%
miejsko-wiejskaMosina
60%
miejsko-wiejskaMurowana Goślina
59%
miejsko-wiejskaBuk
57%
wiejskaKomorniki
57%
miejskaPuszczykowo
57%
wiejskaCzerwonak
53%
wiejskaRokietnica
51%
wiejskaDopiewo
50%
miejsko-wiejskaKostrzyn
48%
miejsko-wiejskaStęszew
45%
miejsko-wiejskaPobiedziska
44%
wiejskaKleszczewo
34%

Rozkład punktacji

Percentyl według liczby udzielonych odpowiedzi

Procent ludzi z każdym wynikiem

Twoja historia wyników

Nie rozwiązałeś tego quizu